LEADER 01297nam 2200361 450 001 000006648 005 20110131114800.0 100 $a20001218d1973----km-y0itay0103----ba 101 0 $eeng 102 $aUS 200 1 $aStatics and data analysis in geology$fJohn C. Davis$gwith Fortran programs by Robert J. Sampson 210 $c<> Wiley$aNew York, ... [etc.]$dc1973 215 $aXIII, 550 p.$cill.$d23 cm. 606 $aGeologia$xStatistica 676 $a550.0151$v(20. ed.)$9Scienze della terra. Tecniche matematiche 700 1$aDavis,$bJohn C.$0204476 702 1$aSampson,$bRobert J. 801 0$aIT$bUniversità della Basilicata - B.I.A.$gRICA$2unimarc 912 $a000006648 996 $aStatics and data analysis in geology$975743 997 $aUNIBAS BAS $aMONING BAS $aMONOGR BAS $aINGEGNERIA CAT $aLAGUARDIA$b01$c20001218$lBAS01$h1155 CAT $c20050601$lBAS01$h1753 CAT $abatch$b01$c20050718$lBAS01$h1049 CAT $c20050718$lBAS01$h1108 CAT $c20050718$lBAS01$h1138 CAT $c20050718$lBAS01$h1152 CAT $aATR$b40$c20110131$lBAS01$h1148 FMT Z30 -1$lBAS01$LBAS01$mBOOK$1BASA2$APolo Tecnico-Scientifico$2DID$BDidattica$3PTS.s2.p54.12$635302$5I35302$820001218$f04$FPrestabile Didattica LEADER 01402nas 2200421-- 450 001 9910892982803321 005 20260218112415.0 035 $a(CKB)991042725195574 035 $a(CONSER)---74647720- 035 $a(DE-599)ZDB2667664-3 035 $a(DE-599)2667664-3 035 $a(EXLCZ)99991042725195574 100 $a20750114b19732009 --- a 101 0 $aeng 181 $ctxt$2rdacontent 182 $cc$2rdamedia 200 10$aNewsletter - Study Group on Eighteenth-Century Russia 210 $aNorwich, Eng 215 $a1 online resource 311 08$aPrint version: Newsletter - Study Group on Eighteenth-Century Russia. 0306-8455 (DLC) 74647720 (OCoLC)1796073 517 3 $aStudy Group on Eighteenth-Century Russia newsletter 531 0 $aNewsl. - Study Group Eighteenth Century Russ. 606 $aCivilization$2fast$3(OCoLC)fst00862898 606 $aIntellectual life$2fast$3(OCoLC)fst00975769 607 $aRussia$xHistory$y1689-1801$vPeriodicals 607 $aRussia$xCivilization$vPeriodicals 607 $aRussia$xIntellectual life$vPeriodicals 607 $aRussia$2fast 608 $aHistory.$2fast 608 $aPeriodicals.$2fast 615 7$aCivilization. 615 7$aIntellectual life. 676 $a947/.005 906 $aJOURNAL 912 $a9910892982803321 920 $aexl_impl conversion 996 $aNewsletter$9976803 997 $aUNINA